000 00649cam a2200217 a 4500
001 2333438
005 20180112043741.0
008 821124t19831982nyu f 001 0 eng
010 _a 82021101
020 _a0871961415
040 _aDLC
_cDLC
_dDLC
041 _aeng
080 _a428.2 JOH
082 0 0 _a428.2 JOH
_219
100 1 _a46
101 _aEDU
240 1 0 _aWashington Square Press handbook of good English
245 1 4 _aThe handbook of good English :
_cby Edward D. Johnson.
906 _a7
_bcbc
_corignew
_d1
_eocip
_f19
_gy-gencatlg
942 _2ddc
_cBK
999 _c40185
_d40185